| 000 | 00986nam a2200301 a 4500 | ||
|---|---|---|---|
| 999 |
_c7459 _d7459 |
||
| 001 | 991011206739706706 | ||
| 003 | OSt | ||
| 005 | 20211130131045.0 | ||
| 008 | 140903s2014 spc|||| |||| 0|0 0 spa| | ||
| 015 |
_aLL2014 _2bnc |
||
| 017 |
_aDL B 13111-2014 _bBiblioteca de Catalunya |
||
| 020 | _a9788496986565 | ||
| 035 | _a(ES-BaCBU)b61892774-34csuc_network | ||
| 035 | _a(ES-BaCBU).b61892774 | ||
| 035 | _a(ccuc001)b61892774 | ||
| 040 |
_aES-BaBC _bcat _cES-BaBC _dCDMR |
||
| 043 |
_ae-sp--- _be-spc-- _2catmarc |
||
| 080 | _a929Dobaño, Manuel | ||
| 100 | 1 | _aDobaño, Manuel, | |
| 245 | 1 | 0 |
_aK-11, estación clandestina : _bcrónica de un periodista de a pie / _cManuel Dobaño ; [prólogo: Rosa María Calaf] |
| 260 |
_aEl Prat de Llobregat : _bRúbrica, _c2014 |
||
| 300 |
_a386 p. : _bil. ; _c23 cm |
||
| 600 | 1 | 7 |
_aDobaño, Manuel, _2lemac |
| 907 |
_a.b61892774 _b17-02-21 _c03-09-14 _d03-09-14 _em _fa _g- _hspa _ispc _j0 _k0 |
||
| 908 | _aBC | ||
| 940 | _aBC | ||
| 942 |
_2udc _cMON |
||